| 000 | 00954nam a2200253 i 4500 | ||
|---|---|---|---|
| 001 | 19175 | ||
| 003 | ES-MaACL | ||
| 005 | 20230906152023.0 | ||
| 007 | t| | ||
| 008 | 020628s2001 sp ||||1| spa d | ||
| 020 | _a84-95394-28-6 | ||
| 080 | _a017.2(460.288 A.) | ||
| 100 | 1 |
_aGarcía Gómez, María Dolores. _954701 |
|
| 245 | 1 | 0 |
_aMemoria de unos libros _b: la biblioteca de los jesuitas expulsados del Colegio de Albacete / _cMaría Dolores García Gómez. |
| 260 |
_aAlbacete : _bInstituto de Estudios Albacetenses "Don Juan Manuel", _c2001. |
||
| 300 |
_a197 p. : _bil. ; _c24 cm. |
||
| 490 | 1 |
_aSerie I--Estudios ; _v133 |
|
| 504 | _aBibliografía: p. [191]-197. | ||
| 610 | 2 | 7 |
_aColegio Nuestra Señora de la Concepción (Albacete). _bBiblioteca- _vCatálogos. _92946 |
| 710 | 2 |
_aInstituto de Estudios Albacetenses. _94884 |
|
| 830 | 0 |
_aSerie I--Estudios ; _v133 _9179228 |
|
| 852 |
_aES-MaACL _jL-25609 _bR.131309 |
||
| 999 |
_c19175 _d19175 |
||